| 000 | 00000nam 2200000zi 4500 |
| 001 | 9.939742 |
| 003 | CaOODSP |
| 005 | 20240628085942 |
| 006 | m o d f |
| 007 | cr |n |||||||| |
| 008 | 240624s2024 onc ol f|0| 0|fre d |
| 040 | |aCaOODSP|bfre|erda|cCaOODSP |
| 041 | |afre|aeng |
| 043 | |an-cn--- |
| 086 | 1 |aYX4-2024/9-PDF |
| 110 | 1 |aCanada.|ejuridiction promulgatrice. |
| 245 | 13|aAn Act to amend the Parliament of Canada Act (Parliamentary Visual Artist Laureate) = |bLoi modifiant la Loi sur le Parlement du Canada (artiste visuel officiel du Parlement). |
| 246 | 31|aLoi modifiant la Loi sur le Parlement du Canada (artiste visuel officiel du Parlement) |
| 264 | 1|a[Ottawa] : |b[Chambre des communes du Canada], |c2024. |
| 300 | |a1 ressource en ligne (ii, 2 pages). |
| 336 | |atexte|btxt|2rdacontent/fre |
| 337 | |ainformatique|bc|2rdamedia/fre |
| 338 | |aressource en ligne|bcr|2rdacarrier/fre |
| 490 | 1 |aLois du Canada ..., chapitre ... ; |vLois du Canada (2024), chapitre 9, 1re session, 44e législature |
| 500 | |a« Première session, quarante-quatrième législature, 70-71 Elizabeth II - 1-2 Charles III, 2021-2022-2023-2024. » |
| 500 | |a« Sanctionnée le 20 juin 2024, projet de loi S-202. » |
| 500 | |aDate originale de publication : 2024/06/21; date de publication : 2024/06/27. |
| 520 | |a« Le texte crée le poste d’artiste visuel officiel du Parlement. Il corrige également un renvoi au Conseil des Arts du Canada dans la version anglaise de la Loi sur le Parlement au Canada »--Sommaire, page ii. |
| 546 | |aTexte en français et en anglais. |
| 610 | 16|aCanada. |tLoi sur le Parlement du Canada. |
| 650 | 6|aArtistes lauréats|zCanada. |
| 655 | 7|aLois et codes|2rvmgf |
| 710 | 1 |aCanada. |bParlement. |bChambre des communes, |eorganisme de publication. |
| 788 | |tAn Act to amend the Parliament of Canada Act (Parliamentary Visual Artist Laureate) = |eeng|w(CaOODSP)9.939741 |
| 830 | #0|aLois du Canada ..., chapitre ...|vLois du Canada (2024), chapitre 9, 1re session, 44e législature.|w(CaOODSP)9.500678 |
| 856 | 40|qPDF|s106 Ko|uhttps://publications.gc.ca/collections/collection_2024/lois-statutes/YX4-2024-9.pdf |
| 856 | 4 |qHTML|sS.O.|uhttps://www.parl.ca/documentviewer/fr/44-1/projet-loi/S-202/sanction-royal |